书目信息 |
| 题名: |
商务沟通与客户服务
|
|
| 作者: | 李晓明 主编 | |
| 分册: | ||
| 出版信息: | 北京 中国劳动社会保障出版社 2014 |
|
| 页数: | 184页 | |
| 开本: | 26cm | |
| 丛书名: | ||
| 单 册: | ||
| 中图分类: | F715 , F718 | |
| 科图分类: | ||
| 主题词: | 商业管理--公共关系学--高等教育--教材 , 商业服务--高等教育--教材 | |
| 电子资源: | ||
| ISBN: | 7-5045-4947-9 | |
| 000 | 00926nam0 2200277 450 | |
| 001 | 338133 | |
| 005 | 20150601164351.87 | |
| 010 | @a7-5045-4947-9@dCNY24.00 | |
| 100 | @a20050818d2005 em y0chiy50 ea | |
| 101 | 0 | @achi |
| 102 | @aCN@b110000 | |
| 105 | @ay z 000yy | |
| 106 | @ar | |
| 200 | 1 | @a商务沟通与客户服务@Ashang wu gou tong yu ke hu fu wu@f李晓明主编 |
| 210 | @a北京@c中国劳动社会保障出版社@d2014 | |
| 215 | @a184页@d26cm | |
| 300 | @a21世纪全国高职高专商务秘书专业教材 | |
| 304 | @a劳动和社会保障部教材办公室组织编写 | |
| 330 | @a本书共分为14章, 内容涉及商务活动、商务沟通的原理、沟通的基本要素、类型、有效的沟通、商务沟通的方式、客户服务的基本要素等。 | |
| 606 | 0 | @a商业管理@x公共关系学@x高等教育@j教材 |
| 606 | 0 | @a商业服务@x高等教育@j教材 |
| 690 | @aF715@v5 | |
| 690 | @aF718@v5 | |
| 701 | 0 | @a李晓明@Ali xiao ming@f(1955)@4主编 |
| 801 | 0 | @aCN@b卓展宏图@c20150525 |
| 905 | @dF715@e738@f4 | |
| 商务沟通与客户服务/李晓明主编.-北京:中国劳动社会保障出版社,2014 |
| 184页;26cm |
| 21世纪全国高职高专商务秘书专业教材 |
| ISBN 7-5045-4947-9:CNY24.00 |
| 本书共分为14章, 内容涉及商务活动、商务沟通的原理、沟通的基本要素、类型、有效的沟通、商务沟通的方式、客户服务的基本要素等。 |
| ● |
| 相关链接 |
|
|
|
|
正题名:商务沟通与客户服务
索取号:F715/738
 
预约/预借
| 序号 | 登录号 | 条形码 | 馆藏地/架位号 | 状态 | 备注 |
| 1 | 857487 | 208574871 | 第一样本阅览室/ [索取号:F715/738] | 在馆 | |
| 2 | 857488 | 208574880 | 密集书库-海洋学院/ [索取号:F715/738] | 在馆 | |
| 3 | 857489 | 208574899 | 第一借阅区/ [索取号:F715/738] | 在馆 | |
| 4 | 857490 | 208574906 | 第一借阅区/ [索取号:F715/738] | 在馆 |